书目信息 |
| 题名: |
非哭非笑的悲剧:八大山人艺术评传
|
|
| 作者: | 谭天 著 | |
| 分册: | ||
| 出版信息: | 长沙 湖南美术出版社 1990.11 |
|
| 页数: | 212页 | |
| 开本: | 32开 | |
| 丛书名: | ||
| 单 册: | ||
| 中图分类: | J205 | |
| 科图分类: | ||
| 主题词: | 绘画理论 | |
| 电子资源: | ||
| ISBN: | 7-5356-0402-1 | |
| 000 | 00578nam0 2200193 45 | |
| 001 | 0008181011 | |
| 005 | 20000818104815.6 | |
| 010 | @a7-5356-0402-1@d8.70元 | |
| 100 | @a20000818d1990 km y0chiy0120 ea | |
| 101 | 0 | @achi |
| 105 | @a z 000yy | |
| 200 | 1 | @a非哭非笑的悲剧:八大山人艺术评传@AFei Ku Fei Xiao De Bei Ju:Ba Da Shan Ren Yi Shu Ping Chuan@f谭天著@FTan Tian Zhu |
| 210 | @a长沙@c湖南美术出版社@d1990.11 | |
| 215 | @a212页@d32开 | |
| 606 | 0 | @a绘画理论 |
| 690 | @aJ205@v3 | |
| 701 | 0 | @a谭天@4著 |
| 801 | @aCN@bPftUser@c20000818 | |
| 905 | @b110714-718@dJ205@eT.461@f5 | |
| 非哭非笑的悲剧:八大山人艺术评传/谭天著.-长沙:湖南美术出版社,1990.11 |
| 212页;32开 |
| ISBN 7-5356-0402-1:8.70元 |
| ● |
| 相关链接 |
|
|
|
正题名:非哭非笑的悲剧:八大山人艺术评传
索取号:J205/T.461
 
预约/预借
| 序号 | 登录号 | 条形码 | 馆藏地/架位号 | 状态 | 备注 |
| 1 | 110714 | 201107140 | 社科库309/309社科库 67排1列2层/ [索取号:J205/T.461] | 在馆 | |
| 2 | 110715 | 201107159 | 自科二线404/309社科库 67排2列3层/ [索取号:J205/T.461] | 在馆 | |
| 3 | 110716 | 201107168 | 社科库309/309社科库 67排1列2层/ [索取号:J205/T.461] | 在馆 | |
| 4 | 110717 | 201107177 | 自科二线404/309社科库 67排2列3层/ [索取号:J205/T.461] | 在馆 | |
| 5 | 110718 | 201107186 | 自科二线404/309社科库 67排2列3层/ [索取号:J205/T.461] | 在馆 |